◯◯市・町・村+◇◇市・町・村=◯◯◇◇市・町・村 - Statistics

General Stats
  • This quiz has been taken 84 times
    2 since last reset
  • The average score is 52 of 84
Answer Stats
親都道府県① 親都道府県② 子都道府県 子市区町村名 % Correct
大阪府・鹿児島県 滋賀県 大阪府 泉大津市
100%
大阪府・鹿児島県 栃木県 大阪府 泉佐野市
100%
三重県 長野県 神奈川県 伊勢原市
100%
千葉県・兵庫県 宮城県・秋田県・埼玉県島根県・熊本県・宮崎県 山梨県 市川三郷町
100%
群馬県 長野県 山梨県 上野原市
100%
大阪府 埼玉県 大阪府 大阪狭山市
100%
宮城県・兵庫県・高知県 和歌山県 奈良県 上北山村
100%
宮城県・兵庫県・高知県 北海道 北海道 上士幌町
100%
宮城県・兵庫県・高知県 北海道 北海道 上富良野町
100%
茨城県 長野県 大阪府 河内長野市
100%
東京都 秋田県 秋田県 北秋田市
100%
東京都 茨城県・大阪府 茨城県 北茨城市
100%
東京都 宮城県・兵庫県・高知県 岩手県 北上市
100%
東京都 大阪府 沖縄県 北大東村
100%
東京都 沖縄県 沖縄県 北中城村
100%
東京都 愛知県 愛知県 北名古屋市
100%
東京都 広島県 北海道 北広島市
100%
東京都 広島県 広島県 北広島町
100%
佐賀県 広島県・高知県 神奈川県 相模原市
100%
茨城県・徳島県 北海道 北海道 中標津町
100%
茨城県・徳島県 三重県 大分県 中津市
100%
茨城県・徳島県 高知県 高知県 中土佐町
100%
茨城県・徳島県 石川県 石川県 中能登町
100%
茨城県・徳島県 北海道 北海道 中富良野町
100%
長野県 長野県 群馬県 長野原町
100%
沖縄県 静岡県 静岡県 東伊豆町
100%
沖縄県 大阪府 大阪府 東大阪市
100%
沖縄県 福岡県 東京都 東久留米市
100%
沖縄県 岐阜県 岐阜県 東白川村
100%
沖縄県 埼玉県 埼玉県 東秩父村
100%
沖縄県 広島県 広島県 東広島市
100%
沖縄県 宮城県 宮城県 東松島市
100%
沖縄県 愛媛県 埼玉県 東松山市
100%
沖縄県 愛知県・広島県・徳島市 徳島県 東みよし町
100%
沖縄県 山形県 東京都 東村山市
100%
沖縄県 神奈川県 東京都 東大和市
100%
沖縄県 奈良県 奈良県 東吉野村
100%
茨城県 東京都・島根県 茨城県 常陸太田市
100%
茨城県 茨城県・徳島県 茨城県 ひたちなか市
100%
東京都・滋賀県・鳥取県 長野県 東京都 檜原村
100%
静岡県 岐阜県 埼玉県 ふじみ野市
100%
神奈川県 福島県 奈良県 大和郡山市
100%
高知県 群馬県・東京都 広島県 安芸太田町
50%
高知県 三重県 東京都 昭島市
50%
宮城県・鹿児島県 愛媛県 広島県 大崎上島町
50%
茨城県 三重県 岐阜県 笠松町
50%
宮城県・兵庫県・高知県 熊本県 熊本県 上天草市
50%
宮城県・兵庫県・高知県 山口県 佐賀県 上峰町
50%
石川県 三重県 徳島県 小松島市
50%
青森県 山梨県 長崎県 西海市
50%
青森県 東京都 埼玉県 さいたま市
50%
広島県 京都府 香川県 坂出市
50%
茨城県・福井県・大阪府 東京都 鳥取県 境港市
50%
兵庫県 三重県 滋賀県 高島市
50%
兵庫県 北海道・静岡県 長野県 高森町
50%
兵庫県 北海道・静岡県 熊本県 高森町
50%
兵庫県 山口県 茨城県 高萩市
50%
高知県 北海道・静岡県 高知県 土佐清水市
50%
静岡県 静岡県 山梨県 富士吉田市
50%
岐阜県 新潟県 岐阜県 美濃加茂市
50%
北海道 静岡県 北海道 利尻富士町
50%
宮城県・兵庫県・高知県 北海道 北海道 上砂川町
0%
茨城県 長野県 北海道 上砂川町
0%
鹿児島県 宮城県 鹿児島県 薩摩川内市
0%
三重県 三重県 愛知県 津島市
0%
三重県 三重県 長崎県 対馬市
0%
三重県 岡山県 熊本県 津奈木町
0%
福井県 三重県 埼玉県 鶴ヶ島市
0%
徳島県 熊本県 熊本県 南阿蘇村
0%
徳島県 兵庫県 兵庫県 南あわじ市
0%
徳島県 静岡県 静岡県 南伊豆町
0%
徳島県 三重県 三重県 南伊勢町
0%
徳島県 新潟県 新潟県 南魚沼市
0%
徳島県 福井県 福井県 南越前町
0%
徳島県 山形県・熊本県 熊本県 南小国町
0%
徳島県 鹿児島県 鹿児島県 南さつま市
0%
徳島県 長崎県 長崎県 南島原市
0%
徳島県 福島県 福島県 南相馬市
0%
徳島県 大阪府 沖縄県 南大東村
0%
徳島県 愛知県 愛知県 南知多町
0%
徳島県 北海道 北海道 南富良野町
0%
徳島県 長野県 長野県 南箕輪村
0%
徳島県 広島県 岡山県 美作市
0%
大阪府 三重県 岐阜県 八百津町
0%
No matching quizzes found
Score Distribution
Percent of People with Each Score
Percentile by Number Answered
Your Score History
You have not taken this quiz since the last reset